Impuestos diferidos en el PRT 34 (Registro nro. 12095)
[ vista simple ]
| 000 -LEADER | |
|---|---|
| fixed length control field | 00297 a2200109 4500 |
| 001 - CONTROL NUMBER | |
| control field | ART_35141 |
| 005 - DATE AND TIME OF LATEST TRANSACTION | |
| control field | 20260410161627.0 |
| 008 - FIXED-LENGTH DATA ELEMENTS--GENERAL INFORMATION | |
| fixed length control field | 260409a |
| 100 1# - MAIN ENTRY--PERSONAL NAME | |
| Personal name | Zgaib, Alfredo O. |
| 245 10 - TITLE STATEMENT | |
| Title | Impuestos diferidos en el PRT 34 |
| 773 0# - HOST ITEM ENTRY | |
| Title | Enfoques |
| Related parts | - Nº 10 (oct. 2015) |
| Record control number | REV416 |
No hay ítems disponibles.